| 000 | 00441nam a22001577a 4500 | ||
|---|---|---|---|
| 020 | _a0074630954 | ||
| 082 |
_a634.1821 _bDUG _cL-39, P-89 |
||
| 100 |
_aDuggal, S.K _938831 |
||
| 245 |
_aDesign of steel structures _cDuggel, S.K |
||
| 250 | _a2nd ed. | ||
| 260 |
_aNew Delhi _bTata McGraw-Hill Publishing _c2000 |
||
| 300 |
_axv, 821 p. _bill. _c24 cm. |
||
| 526 |
_a0 _b0 _c0 _d634_182100000000000_DUG |
||
| 650 |
_aMCE _9379 |
||
| 942 |
_2ddc _cBK |
||
| 999 |
_c546842 _d546842 |
||